Logo BPK

Biblioteka

Politechniki Koszalińskiej

Lesen als Verstehen : (Rekord nr 54352)

Szczegóły MARC
000 -ETYKIETA REKORDU
podpole kontrolne o stałej długości 01074nam a2200253 i 4500
001 - NUMER KONTROLNY REKORDU
pole kontrolne bg
020 ## - MIĘDZYNARODOWY ZNORMALIZOWANY NUMER KSIĄŻKI - ISBN
ISBN 9783468496783
040 ## - ŹRÓDŁO KATALOGOWANIA
Instytucja, która utworzyła rekord BPK
041 0# - KOD JĘZYKA
Kod języka tekstu ger
044 ## - KOD KRAJU WYDAWCY/PRODUCENTA
Kod kraju wydawcy/producenta DEU
080 ## - UNIWERSALNA KLASYFIKACJA DZIESIĘTNA - UKD
UKD 811.112.2:37.091.3](072)
008 - POLE O STAŁEJ DŁUGOŚCI - DANE KONTROLNE
podpole kontrolne o stałej długości s pl f |000 0 pol
100 1# - NAZWA OSOBOWA
Nazwa osobowa Ehlers, Swantje.
245 00 - TYTUŁ/ODPOWIEDZIALNOŚĆ
Tytuł Lesen als Verstehen :
Ciąg dalszy tytułu zum Verstehen fremdsprachlicher literarischer Texte und zu ihrer Didaktik /
Pozostałe elementy strefy tytułu i oznaczenia odpowiedzialności Swantje Ehlers.
260 ## - STREFA ADRESU WYDAWNICZEGO
Miejsce wydania Berlin [etc.] :
Nazwa wydawcy/dystrybutora Langenscheidt ;
Data publikacji, dystrybucji/powstania dokumentu cop. 1992
Data produkcji (2001).
300 ## - STREFA OPISU FIZYCZNEGO
Objętość 110 s. :
Inne cechy fizyczne fot., tab. ;
Rozmiary 30 cm.
490 1# - STREFA SERII I DOKUMENTU WIELOCZĘŚCIOWEGO - FORMA NIE DO WYSZUKIWANIA
Tytuł i oznaczenie odpowiedzialności serii Fernstudienprojekt zur Fort- und Weiterbildung im Bereich Germanistik und Deutsch als Fremdsprache.
-- Teilbereich Deutsch als Fremdsprache
Numeracja w obrębie serii Fernstudieneinheit 2,
504 ## - UWAGA DOTYCZĄCA BIBLIOGRAFII
Informacje o bibliografii Bibliogr.
650 #9 - HASŁO PRZEDMIOTOWE W FORMIE NAZWY OGÓLNEJ LUB JEDNOSTKOWEJ
Nazwa ogólna lub geograficzna Język niemiecki
Określnik ogólny nauczanie
650 #9 - HASŁO PRZEDMIOTOWE W FORMIE NAZWY OGÓLNEJ LUB JEDNOSTKOWEJ
Nazwa ogólna lub geograficzna Czytanie ze zrozumieniem
830 ## - HASŁO DODATKOWE SERII LUB DOKUMENTU WIELOCZĘŚCIOWEGO - TYTUŁ UJEDNOLICONY
Tytuł ujednolicony Fernstudienprojekt zur Fort- und Weiterbildung im Bereich Germanistik und Deutsch als Fremdsprache.
Nazwa części/sekcji dzieła Teilbereich Deutsch als Fremdsprache
856 ## - LOKALIZACJA I DOSTĘP DO ELEKTRONICZNYCH DOKUMENTÓW ZDALNYCH
Link (URL) http://koha.tu.koszalin.pl/cgi-bin/koha/opac-detail.pl?biblionumber=54352
Tekst linku Katalog online BPK
942 ## - DODATKOWE ELEMENTY (KOHA)
Typ dokumentu Książka
Egzemplarze
Wycofany Status egzemplarza Uszkodzony Dostępność Lokalizacja stała Lokalizacja bieżąca Miejsce przechowywania Sygnatura Kod kreskowy Dział Typ dokumentu
      Tylko na miejscu Biblioteka Politechniki Koszalińskiej Biblioteka Politechniki Koszalińskiej Czytelnia Wydziałowa ul. Kwiatkowskiego 6e 85608 02409078 37.016:81 Nauczanie języków Książka
      Dostępny Biblioteka Politechniki Koszalińskiej Biblioteka Politechniki Koszalińskiej Wypożyczalnia BG 85609 02409061   Książka
© 2023 Biblioteka Politechniki Koszalińskiej :: KOHA